| 000 | 00000nam##2200000za#4500 |
| 001 | 9.680183 |
| 003 | CaOODSP |
| 005 | 20220107134006 |
| 007 | ta |
| 008 | 150407|1997||||xxc||||| f|0| 0 fre|d |
| 020 | |a0-662-82230-7 |
| 040 | |aCaOODSP|bfre |
| 043 | |an-cn--- |
| 086 | 1 |aH72-21/152-1997F |
| 110 | 2 |aCentre national d'information sur la violence dans la famille (Canada) |
| 245 | 10|aDébut d'un long parcours : |bexamen des projets subventionnés par la Division de la prévention de la violence familiale, de Santé Canada, concernant la violence dans les familles autochtones |
| 260 | |aOttawa - Ontario : |bSanté Canada. |c1997. |
| 300 | |a29p. ; |c28 cm. |
| 500 | |a«Le présent rapport se fonde sur l'examen de quinze projets subventionnés par la Division de la prévention de la violence familiale de Santé Canada, dans le cadre de l'Initiative de lutte contre la violence familiale (1991-1996).»--Introduction. |
| 520 | 3 |aLe présent rapport se fonde sur l'examen de quinze projets subventionnés par la Division de la prévention de la violence familiale de Santé Canada, dans le cadre de l'Initiative de lutte contre la violence familiale (1991-1996).--Introduction |
| 563 | |aCouverture souple |
| 590 | |a98-06|b1998-02-06 |
| 691 | 07|aViolence familiale|2gcpds |
| 775 | 08|tBeginning a long journey : |w(CaOODSP)9.646661 |
| 776 | 0#|tDébut d'un long parcours : |w(CaOODSP)9.639834 |